000 00641nam a2200193 i 4500
001 88667
003 ES-MaACL
005 20230906175912.0
007 t|
008 050105s1928 sp ||||1| spa d
100 1 _aLarra, Fernando José de.
_970286
245 1 3 _aLa farándula niña
_b: teatro infantil /
_cFernando José de Larra ; prólogo de Serafín y Joaquín Alvarez Quintero.
260 _aMadrid :
_bYagües,
_c1928.
300 _a268 p. ;
_c22 cm.
700 1 _aÁlvarez Quintero, Joaquín,
_d1873-1944
_920922
700 1 _aÁlvarez Quintero, Serafín,
_d1871-1938
_9226443
852 _aES-MaACL
_jA-244
999 _c88667
_d88667